[Event "chess.com SpeedChess 2023"]
[Site "chess.com INT"]
[Date "2023.09.04"]
[Round "1.26"]
[White "Yu Yangyi"]
[Black "Nakamura,Hi"]
[Result "0-1"]
[WhiteElo "2720"]
[BlackElo "2780"]

1.e4 a5 2.d4 c6 3.c4 g6 4.Nc3 d6 5.Nf3 Bg7 6.Be2 Bg4 7.O-O Bxf3 8.Bxf3 Nd7
9.Be3 e5 10.d5 c5 11.Nb5 Ra6 12.a3 Bh6 13.Bxh6 Nxh6 14.Qd2 Ng8 15.b4 Ngf6
16.bxa5 Ke7 17.Rfb1 Qxa5 18.Qe3 h5 19.h3 Qd8 20.Be2 Kf8 21.Nc3 b6 22.Nb5 Qe7
23.Rf1 Kg7 24.Rae1 Raa8 25.Bd3 h4 26.Be2 Rae8 27.Bd1 Nh7 28.Be2 Rhf8 29.Qd2 Qf6
30.Rb1 Ng5 31.Bd3 Nh7 32.Rb3 Qe7 33.Bc2 f5 34.exf5 gxf5 35.f4 e4 36.Re3 Ndf6
37.Qe1 Ng8 38.Kh1 Kh8 39.Qf2 Rf7 40.Rg1 Rg7 41.g4 hxg3 42.Rgxg3 Rxg3 43.Qxg3 Qf6
44.Re2 Nh6 45.Rg2 Rg8 46.Qc3 Rxg2 47.Kxg2 Qxc3 48.Nxc3 Kg7 49.Na4 Nf6 50.Bd1 Nd7
51.Kg3 Ng8 52.Kf2 Ne7 53.Bh5 Kf8 54.Ke3 b5 55.Nc3 bxc4 56.a4 Nb6 57.a5 Nexd5+
58.Nxd5 Nxd5+ 59.Kd2 Nb4 60.Bg6 d5 61.Bxf5 Kf7 62.h4 Kf6 63.Bh7 Kg7 64.Bf5 Kh6
65.Bc8 d4 66.a6 c3+ 67.Kc1 e3 68.Kd1 d3  0-1

[Event "chess.com SpeedChess 2023"]
[Site "chess.com INT"]
[Date "2023.09.04"]
[Round "1.22"]
[White "Yu Yangyi"]
[Black "Nakamura,Hi"]
[Result "0-1"]
[WhiteElo "2720"]
[BlackElo "2780"]

1.e4 a5 2.d4 c6 3.Nf3 d5 4.e5 Bg4 5.Nbd2 e6 6.h3 Bxf3 7.Nxf3 c5 8.c3 Nc6
9.dxc5 Bxc5 10.Bd3 Nge7 11.O-O h6 12.Bf4 O-O 13.Qd2 f5 14.exf6 Rxf6 15.Rae1 Qf8
16.Bg3 Rxf3 17.gxf3 Qxf3 18.Kh2 e5 19.Qe2 Qf6 20.Bb5 Rf8 21.a3 e4 22.Rd1 Bd6
23.Qg4 Ne5 24.Qe2 Nf3+ 25.Kg2 Nh4+ 26.Kh1 Bxg3 27.fxg3 Nhf5 28.Qg2 Qe5 29.Kh2 Rf6
30.Bd7 Ne3 31.Qe2 Nxf1+ 32.Rxf1 Rxf1 33.Qxf1 e3 34.Bg4 h5 35.Be2 h4 36.Qf3 Nf5
37.Kg2 Nxg3 38.Qg4 Qe4+ 39.Bf3 Qc2+ 40.Kg1 Qf2+  0-1

[Event "chess.com SpeedChess 2023"]
[Site "chess.com INT"]
[Date "2023.09.04"]
[Round "1.28"]
[White "Yu Yangyi"]
[Black "Nakamura,Hi"]
[Result "0-1"]
[WhiteElo "2720"]
[BlackElo "2780"]

1.e4 a5 2.d4 c6 3.Nf3 d5 4.Nbd2 g6 5.c3 Bg7 6.Be2 dxe4 7.Nxe4 Nf6 8.Ng3 h5
9.Bg5 a4 10.O-O a3 11.b4 Nbd7 12.Re1 O-O 13.Bc4 b5 14.Bb3 e6 15.Qd2 Qc7 16.Rad1 Nd5
17.h3 N7b6 18.Bh6 Qd8 19.Ne5 Bd7 20.Ne4 Be8 21.Bxg7 Kxg7 22.Nc5 h4 23.Qc1 Rh8
24.Rd3 Rh5 25.Bd1 Rf5 26.Bg4 Rf6 27.Rf3 Rxf3 28.Bxf3 Qf6 29.Re4 Kg8 30.Ng4 Qh8
31.Nh6+ Kf8 32.Rxh4 Qf6 33.Re4 Qe7 34.Re1 Qf6 35.Re4 Qh8 36.Ng4 Ra7 37.Ne5 Qf6
38.g3 Kg8 39.Kg2 Nc8 40.Rh4 Nd6 41.Qh6 Qg7 42.Qc1 Qf6 43.Ne4 Nxe4 44.Bxe4 Ne7
45.Qh6 Qg7 46.Qe3 f6 47.Nd3 Rc7 48.Nc5 Bf7 49.Bd3 Nd5 50.Qd2 f5 51.Qg5 Qf6
52.Qh6 Nxc3 53.g4 Nd5 54.g5 Qg7 55.Qxg7+ Kxg7 56.Bc2 Nxb4 57.Bb3 Re7 58.Rf4 e5
59.dxe5 Bxb3 60.Rxb4 Bxa2 61.f4 Bd5+  0-1

[Event "chess.com SpeedChess 2023"]
[Site "chess.com INT"]
[Date "2023.09.04"]
[Round "1.1"]
[White "Nakamura,Hi"]
[Black "Yu Yangyi"]
[Result "1-0"]
[WhiteElo "2780"]
[BlackElo "2720"]

1.a3 d5 2.Nf3 Nf6 3.e3 e6 4.b4 Be7 5.c4 O-O 6.Bb2 b6 7.cxd5 Nxd5 8.Nc3 Bb7
9.Qc2 Nd7 10.Nxd5 Bxd5 11.b5 Rc8 12.Nd4 Bf6 13.Nc6 Bxc6 14.bxc6 Bxb2 15.Qxb2 Nf6
16.Be2 Qd5 17.Bf3 Qd3 18.Rc1 Rcd8 19.Rc3 Qd6 20.Ke2 e5 21.d3 Rfe8 22.Qc2 Nd5
23.Rb3 h6 24.g3 Qe6 25.Rc1 Rd6 26.Qc4 Red8 27.h4 Qe7 28.Rh1 Qe6 29.Rc1 Qe7
30.Kf1 Qe6 31.Kg2 Qf6 32.Qg4 Qe7 33.Qc4 Qf6 34.Rb5 Ne7 35.Be4 Qe6 36.Qxe6 Rxe6
37.g4 Rdd6 38.h5 Kf8 39.a4 a6 40.Rb3 a5 41.Rb5 Rd8 42.Kg3 Nc8 43.Bf5 Re7
44.Bxc8 Rxc8 45.Rd5 Ke8 46.Kf3 Rd8 47.Rxd8+ Kxd8 48.Ke4 Re6 49.Rg1 f6 50.Rc1 Ke7
51.Rc4 Rd6 52.Rc3 Ke6 53.f4 exf4 54.exf4 Rd5 55.d4 f5+ 56.gxf5+ Rxf5 57.Rg3 Rxh5
58.Rxg7 Kd6 59.Rg6+ Ke7 60.d5  1-0

[Event "chess.com SpeedChess 2023"]
[Site "chess.com INT"]
[Date "2023.09.04"]
[Round "1.27"]
[White "Nakamura,Hi"]
[Black "Yu Yangyi"]
[Result "1-0"]
[WhiteElo "2780"]
[BlackElo "2720"]

1.d4 Nf6 2.Nf3 e6 3.g3 d5 4.Bg2 Be7 5.O-O O-O 6.c4 dxc4 7.Qc2 a6 8.a4 Bd7
9.Rd1 Bc6 10.Nc3 Bb4 11.h4 Nbd7 12.h5 h6 13.Re1 b5 14.e4 Qb8 15.Bf4 Qb7 16.d5 exd5
17.Nd4 Bxc3 18.bxc3 dxe4 19.Nxc6 Qxc6 20.Rxe4 Nxe4 21.Bxe4 Qc5 22.axb5 Qxb5
23.Bxa8 Rxa8 24.Bxc7 Qxh5 25.Qe4 Rc8 26.Qb7 Re8 27.Qxa6 Nf6 28.Qc6 Qe2 29.Bb6 Qe4
30.Qa4 Kh7 31.Bd4 Re6 32.Qxc4 Ng4 33.Qf1 Qf3 34.Qg2 Qxg2+ 35.Kxg2 Re2 36.Kf3  1-0

[Event "chess.com SpeedChess 2023"]
[Site "chess.com INT"]
[Date "2023.09.04"]
[Round "1.19"]
[White "Nakamura,Hi"]
[Black "Yu Yangyi"]
[Result "1-0"]
[WhiteElo "2780"]
[BlackElo "2720"]

1.f3 e5 2.g3 d5 3.Nh3 Nf6 4.Nf2 Nc6 5.Bg2 Bc5 6.e3 a6 7.d3 Qe7 8.Qe2 h5 9.c3 Ba7
10.e4 Be6 11.h4 O-O-O 12.O-O dxe4 13.dxe4 Nh7 14.Be3 Bxe3 15.Qxe3 g5 16.hxg5 Nxg5
17.f4 exf4 18.gxf4 Nh7 19.Nd2 Nf6 20.Rae1 Ng4 21.Qe2 Rdg8 22.Nf3 Kb8 23.b3 Nxf2
24.Rxf2 Bg4 25.Qe3 h4 26.Kh2 h3 27.Bh1 Qf6 28.e5 Qh6 29.Ng5 f6 30.Nf7 Qh4
31.Bxc6 bxc6 32.Nxh8 Rxh8 33.Qg3 Qh5 34.exf6 Rf8 35.Re5  1-0

[Event "chess.com SpeedChess 2023"]
[Site "chess.com INT"]
[Date "2023.09.04"]
[Round "1.6"]
[White "Yu Yangyi"]
[Black "Nakamura,Hi"]
[Result "0-1"]
[WhiteElo "2720"]
[BlackElo "2780"]

1.e4 e5 2.Nf3 Nc6 3.Nc3 Nf6 4.Bb5 Bb4 5.O-O O-O 6.d3 Bxc3 7.bxc3 d6 8.Bg5 Ne7
9.Bc4 Nd7 10.Nh4 Kh8 11.Bxe7 Qxe7 12.Nf5 Qf6 13.Ne3 Nb6 14.Bb3 Qg6 15.f4 exf4
16.Rxf4 Be6 17.Qf3 c6 18.Rf1 d5 19.exd5 cxd5 20.Nxd5 Nxd5 21.Bxd5 Bxd5 22.Qxd5 Qb6+
23.Qd4 Qc7 24.c4 f6 25.Re4 Qa5 26.Qb2 Qd2 27.Rfe1 h6 28.a3 b6 29.R4e2 Qg5
30.Qb5 Qf4 31.h3 Qd4+ 32.Kh1 Qc3 33.Qb4 Qd4 34.Re4 Qf2 35.Qc3 Rac8 36.a4 a6
37.R4e2 Qc5 38.Qb2 Rb8 39.Qb3 b5 40.cxb5 axb5 41.a5 Ra8 42.Ra1 Ra6 43.Ree1 b4
44.Re4 Rb8 45.Rb1 Rxa5 46.Rc4 Qf2 47.Rxb4 Rxb4 48.Qxb4 Qxc2 49.Qb3 Qd2 50.Rd1 Qe2
51.Rg1 Qe3 52.Qb8+ Kh7 53.Qb1 Qd4 54.Qc2 Ra3 55.Rd1 h5 56.Qe2 Ra5 57.Re1 Re5
58.Qf1 Rxe1 59.Qxe1 Qxd3 60.Qe8 Qd5 61.Qf8 Qd1+ 62.Kh2 Qd4 63.Kh1 Qa1+ 64.Kh2 Kg6
65.Qe8+ Kg5 66.Qe3+ Kg6 67.Qe8+ Kg5 68.Qe3+ Kf5 69.Qf3+ Kg6 70.Qe4+ Kh6 71.Qe3+ g5
72.Qb6 Qe5+ 73.Kh1 Kg6 74.Qd8 g4 75.Qg8+ Kf5 76.hxg4+ hxg4 77.Qc8+ Kf4 78.Qc4+ Qe4
79.Qc7+ Qe5 80.Qc4+ Kg5 81.Qg8+ Kh4 82.Qh7+ Kg3 83.Qd3+ Kf4  0-1

[Event "chess.com SpeedChess 2023"]
[Site "chess.com INT"]
[Date "2023.09.04"]
[Round "1.5"]
[White "Nakamura,Hi"]
[Black "Yu Yangyi"]
[Result "1/2-1/2"]
[WhiteElo "2780"]
[BlackElo "2720"]

1.b4 d5 2.Bb2 Nf6 3.e3 Bf5 4.c4 e6 5.a3 Be7 6.Nf3 O-O 7.Be2 h6 8.O-O Nbd7
9.cxd5 exd5 10.Nc3 c6 11.d3 a6 12.Rc1 Re8 13.Na4 Bh7 14.Qb3 Rb8 15.Bd4 Bd6
16.Nc5 Ne5 17.Nxe5 Bxe5 18.Bxe5 Rxe5 19.a4 Nd7 20.Qc3 Rg5 21.Qd4 Bf5 22.Qf4 Nxc5
23.bxc5 Bh3 24.Bf3 Rc8 25.Kh1 Be6 26.Rb1 Rc7 27.Rb4 Bc8 28.Rfb1 Re7 29.Qd6 Qe8
30.Qb8 g6 31.h4 Rge5 32.d4 R5e6 33.Bg4 f5 34.Bh3 Rf6 35.g3 Kg7 36.Kg1 g5
37.h5 Rf8 38.Qd6 Rf6 39.Qb8 Rf8 40.Qd6 Re6 41.Qc7+ Re7 42.Qd6  1/2-1/2

[Event "chess.com SpeedChess 2023"]
[Site "chess.com INT"]
[Date "2023.09.04"]
[Round "1.17"]
[White "Nakamura,Hi"]
[Black "Yu Yangyi"]
[Result "1-0"]
[WhiteElo "2780"]
[BlackElo "2720"]

1.d3 Nf6 2.Nf3 d5 3.g3 Nc6 4.Bg2 e5 5.Nbd2 e4 6.Ng1 Bc5 7.Nb3 Bb6 8.d4 Be6
9.Nh3 Qd7 10.Nf4 Bf5 11.h4 h6 12.a4 a6 13.f3 O-O-O 14.g4 exf3 15.exf3 Rde8+
16.Kf2 g5 17.gxf5 gxf4 18.a5 Ba7 19.Bxf4 Kb8 20.Bh3 Nh5 21.Bh2 Qe7 22.Bg4 Qe3+
23.Kf1 Nxd4 24.Nxd4 Bxd4 25.Bg1 Ng3+ 26.Kg2 Qf4 27.Qxd4 Ne4 28.Qa7+ Kc8 29.f6+ Re6
30.Rh3 Kd7 31.Rd1 Nxf6 32.Qd4 Qxd4 33.Bxe6+ fxe6 34.Bxd4 Rg8+ 35.Rg3  1-0

[Event "chess.com SpeedChess 2023"]
[Site "chess.com INT"]
[Date "2023.09.04"]
[Round "1.16"]
[White "Yu Yangyi"]
[Black "Nakamura,Hi"]
[Result "0-1"]
[WhiteElo "2720"]
[BlackElo "2780"]

1.e4 a5 2.d4 c6 3.Nf3 d5 4.exd5 cxd5 5.c4 Nf6 6.Nc3 e6 7.Bg5 Be7 8.c5 b6
9.Bb5+ Bd7 10.Bxf6 gxf6 11.Bxd7+ Nxd7 12.c6 Nb8 13.Qa4 Na6 14.O-O Nc7 15.Nb5 Nxb5
16.Qxb5 Bd6 17.Rac1 Bc7 18.a4 h5 19.Rc3 h4 20.Re1 Qd6 21.h3 Ke7 22.Kf1 Rag8
23.Ree3 Rg6 24.Qa6 Qf4 25.Rcd3 Rhg8 26.Ne1 Qd6 27.Qb5 f5 28.Ke2 f4 29.Rf3 f6
30.Kd1 Rd8 31.Kc2 e5 32.Rd2 e4 33.Rc3 f5 34.f3 Re6 35.Re2 Qb4 36.Rd2 Rdd6
37.Kd1 Rg6 38.Nc2 Qxb5 39.axb5 Rd8 40.Ne1 Rdg8 41.Re2 Bd6 42.Rcc2 Kd8 43.Rcd2 Bb4
44.Rc2 Kc7 45.Kc1 a4 46.Kd1 Ra8 47.Rf2 Bd6 48.Ke2 Ra5  0-1

[Event "chess.com SpeedChess 2023"]
[Site "chess.com INT"]
[Date "2023.09.04"]
[Round "1.15"]
[White "Nakamura,Hi"]
[Black "Yu Yangyi"]
[Result "1-0"]
[WhiteElo "2780"]
[BlackElo "2720"]

1.e3 Nf6 2.d4 d5 3.Nf3 e6 4.c4 Be7 5.Nc3 O-O 6.Bd3 b6 7.cxd5 Nxd5 8.e4 Nb4
9.Bb1 c5 10.a3 cxd4 11.Nxd4 N4c6 12.Be3 Bf6 13.Nde2 Ba6 14.Qxd8 Rxd8 15.f4 Nd7
16.e5 Be7 17.b4 Bc4 18.Be4 Rac8 19.Kf2 f5 20.Bf3 g5 21.g3 gxf4 22.gxf4 Bh4+
23.Kg2 Ne7 24.Rhd1 Ng6 25.Rac1 Ndf8 26.Nd4 Be7 27.Kg3 Bh4+ 28.Kh3 Kf7 29.Bb7 Rc7
30.Bf3 Rdc8 31.Ncb5 Bxb5 32.Nxb5 Rxc1 33.Rxc1 Rxc1 34.Bxc1 a5 35.Nd6+ Kg7
36.Bd2 Bf2 37.bxa5 bxa5 38.Nc4 Bc5 39.Kg3 a4 40.Bc6 Ne7 41.Bxa4 Nfg6 42.Bd1 Nd5
43.Bf3 Nge7 44.a4 Nc6 45.Bxd5 exd5 46.Ne3 Bxe3 47.Bxe3 d4 48.Bd2 Kf7 49.a5 Nb8
50.Bb4 Ke6 51.Bd6 Nc6 52.a6 Na7 53.Kf3 Kd5 54.Bb8 Nc8 55.a7 Nb6 56.Bc7 Na8
57.Bd8 Ke6 58.Ke2 Kd5 59.Kd3  1-0

[Event "chess.com SpeedChess 2023"]
[Site "chess.com INT"]
[Date "2023.09.04"]
[Round "1.14"]
[White "Yu Yangyi"]
[Black "Nakamura,Hi"]
[Result "1-0"]
[WhiteElo "2720"]
[BlackElo "2780"]

1.e4 e5 2.Nf3 Nc6 3.d4 exd4 4.Nxd4 Nf6 5.Nxc6 bxc6 6.e5 Qe7 7.Qe2 Nd5 8.c4 Ba6
9.b3 g6 10.f4 d6 11.Qd2 Nb6 12.Be2 dxe5 13.Ba3 c5 14.O-O Rd8 15.Qa5 Bb7 16.Nc3 e4
17.Rad1 f5 18.Rxd8+ Kxd8 19.Qxa7 Kc8 20.Rd1 Qf6 21.Bb2 Rg8 22.a4 g5 23.a5 gxf4
24.a6 Ba8 25.Nd5 Qc6 26.Be5 Nd7 27.Bxc7 f3 28.Nb6+  1-0

[Event "chess.com SpeedChess 2023"]
[Site "chess.com INT"]
[Date "2023.09.04"]
[Round "1.13"]
[White "Nakamura,Hi"]
[Black "Yu Yangyi"]
[Result "1-0"]
[WhiteElo "2780"]
[BlackElo "2720"]

1.e4 e5 2.Nf3 Nf6 3.Nxe5 d6 4.Nd3 Nxe4 5.Qe2 Qe7 6.Nf4 Nf6 7.d4 Qxe2+ 8.Bxe2 Nc6
9.c3 d5 10.h4 Bd6 11.f3 h5 12.Na3 a6 13.Nc2 Bf5 14.Nd3 O-O-O 15.Kf2 Rde8
16.Re1 Ne7 17.Bg5 Nh7 18.Bd2 Ng6 19.Ne3 Be6 20.g3 Nf6 21.a4 Bd7 22.b4 Re7
23.Nc5 Rhe8 24.Bd3 Nf8 25.Nxd7 N8xd7 26.Nf5 Rxe1 27.Nxd6+ cxd6 28.Bxe1 Kc7
29.a5 Nb8 30.Bd2 Nc6 31.Bg5 Nd7 32.g4 Rh8 33.Kg3 Nf8 34.Re1 Ne6 35.Bd2 Ne7
36.f4 Kd7 37.f5 Nc7 38.g5 g6 39.fxg6 fxg6 40.Rf1 Rg8 41.Kh3 Rg7 42.Rf6 Rg8
43.Kh2 Ne8 44.Rf3 Nc7 45.Bf1 Nf5 46.Kh3 Ne6 47.Bd3 Rf8 48.b5 axb5 49.Bxb5+ Ke7
50.Rf1 Ra8 51.Ra1 Nfg7 52.Bd3 Nf5 53.Bc1 Nd8 54.Ba3 Nc6 55.Re1+ Kf7 56.Bxf5 gxf5
57.Bxd6 Rxa5 58.Rb1 b5 59.Kg3 Ke6 60.Bc5 Ra2 61.Re1+ Kf7 62.g6+ Kg7 63.Re6 Ra6
64.Kf4 Nb8 65.Rxa6 Nxa6 66.Kxf5 Nc7 67.Bd6 Ne8 68.Be5+ Kh6 69.Bf4+ Kg7 70.Kg5  1-0

[Event "chess.com SpeedChess 2023"]
[Site "chess.com INT"]
[Date "2023.09.04"]
[Round "1.10"]
[White "Yu Yangyi"]
[Black "Nakamura,Hi"]
[Result "1/2-1/2"]
[WhiteElo "2720"]
[BlackElo "2780"]

1.e4 e5 2.Nf3 Nc6 3.d4 exd4 4.Nxd4 Nf6 5.Nxc6 bxc6 6.e5 Qe7 7.Qe2 Nd5 8.c4 Ba6
9.b3 g6 10.f4 O-O-O 11.Qf2 Nb6 12.c5 Bxf1 13.cxb6 Ba6 14.bxc7 Re8 15.Qxa7 Qb4+
16.Bd2 Qb7 17.Qxb7+ Kxb7 18.Nc3 f6 19.O-O-O fxe5 20.fxe5 Rxe5 21.Kc2 Rf5
22.Rhe1 Kxc7 23.Ne4 d5 24.Bc3 dxe4 25.Bxh8 Rc5+ 26.Kb2 Bd3 27.Bc3 Rf5 28.Re3 h5
29.Rexd3 exd3 30.Rxd3 Bd6 31.h3 g5 32.Rf3 Rd5 33.Kc2 g4 34.Rf7+ Kb6 35.hxg4 hxg4
36.Rg7 Rf5 37.Rxg4 Rf2+ 38.Bd2 Rf5 39.a4 Rc5+ 40.Kd3 Rh5 41.Be3+ c5 42.Rg6 Kc7
43.Kc4 Rh4+ 44.g4 Rh1 45.g5 Re1 46.Re6 Kd7 47.Re4 Re2 48.Kd3 Rg2 49.Kc4 Kc6
50.Re6 Rg4+ 51.Kd3 Kd5 52.Re8 Rb4 53.Kc3 Be5+ 54.Kc2 c4 55.bxc4+ Rxc4+ 56.Kd3 Rxa4
57.g6 Rg4 58.Rg8 Ke6 59.Ke2 Kf5 60.Rf8+ Kxg6 61.Rg8+ Bg7 62.Ra8 Re4 63.Ra6+ Kf5
64.Kd3 Re6 65.Rxe6 Kxe6  1/2-1/2

[Event "chess.com SpeedChess 2023"]
[Site "chess.com INT"]
[Date "2023.09.04"]
[Round "1.9"]
[White "Nakamura,Hi"]
[Black "Yu Yangyi"]
[Result "1-0"]
[WhiteElo "2780"]
[BlackElo "2720"]

1.c3 Nf6 2.g3 d5 3.Bg2 e5 4.d4 exd4 5.cxd4 Bd6 6.Nc3 c6 7.f3 O-O 8.e4 c5
9.exd5 cxd4 10.Qxd4 Na6 11.Bg5 Re8+ 12.Nge2 Nb4 13.Qd2 Bf5 14.O-O Be5 15.Nd4 Bd3
16.Nce2 Qb6 17.Be3 Nfxd5 18.Bf2 Bxd4 19.Nxd4 Bxf1 20.Bxf1 Rad8 21.a3 Nc6
22.Nf5 Ne3 23.Qc3 Nxf5 24.Bxb6 axb6 25.Re1 Nfd4 26.Rxe8+ Rxe8 27.Kf2 h6 28.b4 Rd8
29.b5 Na5 30.Qc7 Ne6 31.Qxb6 Nb3 32.Bc4 Rd2+ 33.Ke3 Ned4 34.Qd8+ Kh7 35.Bxb3  1-0

[Event "chess.com SpeedChess 2023"]
[Site "chess.com INT"]
[Date "2023.09.04"]
[Round "1.11"]
[White "Nakamura,Hi"]
[Black "Yu Yangyi"]
[Result "0-1"]
[WhiteElo "2780"]
[BlackElo "2720"]

1.c4 e6 2.Nc3 d5 3.e3 Nf6 4.d4 Be7 5.Nge2 O-O 6.cxd5 exd5 7.Nf4 Re8 8.Bd3 c5
9.dxc5 d4 10.Na4 dxe3 11.Bxe3 Qa5+ 12.Kf1 Bd7 13.Bc2 Na6 14.a3 Bxa4 15.Bxa4 Red8
16.Qc2 Nxc5 17.Bxc5 Bxc5 18.Bb3 Rd2  0-1

[Event "chess.com SpeedChess 2023"]
[Site "chess.com INT"]
[Date "2023.09.04"]
[Round "1.12"]
[White "Yu Yangyi"]
[Black "Nakamura,Hi"]
[Result "1/2-1/2"]
[WhiteElo "2720"]
[BlackElo "2780"]

1.e4 a5 2.d4 c6 3.Nf3 d5 4.exd5 cxd5 5.Ne5 Nc6 6.Bb5 Bd7 7.Nxd7 Qxd7 8.O-O e6
9.Nd2 Bd6 10.Nf3 Nge7 11.Re1 O-O 12.a4 Qc7 13.c3 Bf4 14.Bd3 Bxc1 15.Qxc1 Nc8
16.Qg5 Nd6 17.Re2 h6 18.Qh5 Ne8 19.Qh4 Qd8 20.Qg3 Qc7 21.Qh4 Qd8 22.Qh3 Nd6
23.Rae1 Rb8 24.Qg4 Ne8 25.h4 Nf6 26.Qf4 Nh5 27.Qg4 Nf6 28.Qh3 Qc7 29.Ne5 Nxe5
30.Rxe5 Nd7 31.R5e3 Rbe8 32.Qf3 Re7 33.g4 g6 34.Bb5 Kg7 35.g5 hxg5 36.hxg5 Rh8
37.Bxd7 Rxd7 38.Qf6+ Kg8 39.Re5 Qd8 40.Qf4 Rh5 41.Kg2 Rc7 42.Rh1 Rxh1 43.Kxh1 Rc6
44.Re3 Qf8 45.Rh3 Rc8 46.Kg2 Qg7 47.Qd6 Qf8 48.Qe5 Qg7 49.Qd6 Qf8 50.Qf4 Qg7
51.Qg3 Qf8 52.Qf4  1/2-1/2

[Event "chess.com SpeedChess 2023"]
[Site "chess.com INT"]
[Date "2023.09.04"]
[Round "1.4"]
[White "Yu Yangyi"]
[Black "Nakamura,Hi"]
[Result "0-1"]
[WhiteElo "2720"]
[BlackElo "2780"]

1.e4 a5 2.d4 c6 3.Nf3 d5 4.exd5 cxd5 5.Ne5 Nc6 6.Bb5 Bd7 7.Nxd7 Qxd7 8.O-O e6
9.Nd2 Bd6 10.Nf3 Nge7 11.a4 O-O 12.Re1 Qc7 13.c3 Bf4 14.Bd3 Bxc1 15.Qxc1 Rae8
16.Qg5 h6 17.Qg4 f5 18.Qh5 Qd6 19.Re2 Rc8 20.Rae1 Rf6 21.Ne5 Rcf8 22.h3 Qc7
23.Bb5 Nxe5 24.Rxe5 Ng6 25.R5e3 Nf4 26.Qf3 Qd6 27.h4 g5 28.hxg5 hxg5 29.Bf1 g4
30.Qd1 Ng6 31.Qe2 Kf7 32.Qb5 Qc7 33.Qc5 Qb8 34.c4 Rh8 35.g3 f4 36.Rb3 Ne7
37.Re5 f3 38.cxd5 Rfh6 39.dxe6+ Kf6 40.Bg2 fxg2 41.Kxg2 Rh1  0-1

[Event "chess.com SpeedChess 2023"]
[Site "chess.com INT"]
[Date "2023.09.04"]
[Round "1.8"]
[White "Yu Yangyi"]
[Black "Nakamura,Hi"]
[Result "1/2-1/2"]
[WhiteElo "2720"]
[BlackElo "2780"]

1.e4 e5 2.Nf3 Nc6 3.Nc3 Nf6 4.Bb5 Bb4 5.O-O O-O 6.d3 Bxc3 7.bxc3 d6 8.Bg5 Ne7
9.Bc4 Nd7 10.Nd2 h6 11.Be3 Ng6 12.a4 Kh8 13.f4 exf4 14.Bxf4 Nxf4 15.Rxf4 Qg5
16.Rf2 Ne5 17.Nf3 Nxf3+ 18.Qxf3 Be6 19.Bxe6 fxe6 20.Qxf8+ Rxf8 21.Rxf8+ Kh7
22.c4 Qd2 23.Rf2 Qb4 24.h3 a5 25.Rf7 d5 26.exd5 exd5 27.Kh1 dxc4 28.Rxc7 c3
29.Re1 Qxa4 30.Ree7 Qd4 31.Rxb7 a4 32.Ra7 h5 33.Red7 Qe5 34.Rxa4 Qe1+ 35.Kh2 Qe5+
36.Kh1 Qe1+ 37.Kh2 Qe5+ 38.Kh1  1/2-1/2

[Event "chess.com SpeedChess 2023"]
[Site "chess.com INT"]
[Date "2023.09.04"]
[Round "1.7"]
[White "Nakamura,Hi"]
[Black "Yu Yangyi"]
[Result "1-0"]
[WhiteElo "2780"]
[BlackElo "2720"]

1.b3 Nf6 2.Bb2 d5 3.Nf3 e6 4.e3 Be7 5.c4 O-O 6.d4 c5 7.dxc5 dxc4 8.Qxd8 Rxd8
9.Bxc4 Nc6 10.Nbd2 Nd7 11.Nd4 Nxc5 12.Nxc6 bxc6 13.Ke2 a5 14.Rhc1 Bb7 15.Rc2 a4
16.b4 Nd7 17.a3 c5 18.bxc5 Nxc5 19.f3 Rab8 20.Be5 Rbc8 21.Rac1 Nd7 22.Bb2 h5
23.Bb5 Rxc2 24.Rxc2 Nc5 25.Bd4 Rc8 26.e4 f6 27.h4 Kf7 28.Be3 g6 29.Nc4 Rb8
30.Bxc5 Bxc5 31.Ne5+ fxe5 32.Rxc5 Kf6 33.Kd3 Rd8+ 34.Kc3 Rd1 35.Kb4 Rd6 36.Ka5 Rd8
37.Rc7 Bc8 38.Bxa4 g5 39.g3 gxh4 40.gxh4 Rf8 41.Bb5 Kg6 42.a4  1-0

[Event "chess.com SpeedChess 2023"]
[Site "chess.com INT"]
[Date "2023.09.04"]
[Round "1.18"]
[White "Yu Yangyi"]
[Black "Nakamura,Hi"]
[Result "1/2-1/2"]
[WhiteElo "2720"]
[BlackElo "2780"]

1.e4 a5 2.d4 c6 3.c4 d5 4.exd5 cxd5 5.cxd5 Nf6 6.Nc3 Nxd5 7.Nf3 Nc6 8.Bc4 e6
9.O-O Be7 10.Re1 O-O 11.a3 Nxc3 12.bxc3 a4 13.Bd3 Bd7 14.Rb1 Na5 15.Ne5 Nb3
16.Qh5 g6 17.Qf3 Nxc1 18.Rexc1 Bxa3 19.Rd1 Bc6 20.Nxc6 bxc6 21.Be4 Bd6 22.Bxc6 Ra7
23.c4 a3 24.c5 Be7 25.Ra1 Qa5 26.Ra2 Qb4 27.g3 Rd8 28.Kg2 Kg7 29.Rd3 Rxd4
30.Rxd4 Qxd4 31.Rxa3 Rc7 32.Rd3 Qxc5 33.Rd7 Rxc6 34.Rxe7 Qxe7 35.Qxc6 Qf6
36.h4 h6 37.Qb7 Qe5 38.Qc8 Qe4+ 39.Kg1 Qd4 40.Qb8 e5 41.Qe8 Qd1+ 42.Kg2 Qd5+
43.Kg1 Qd6 44.Kg2 Qd4 45.Kg1 g5 46.hxg5 hxg5 47.Qe7 Kg6 48.Qe8 Qd1+ 49.Kg2 Qd5+
50.Kg1 Kf5 51.Qc8+ Qe6 52.Qc2+ e4 53.Qe2 Qd5 54.Qh5 f6 55.Qh3+ Ke5 56.Qc8 Kd4
57.Qc7 Qe5 58.Qa7+ Kd5 59.Qd7+ Kc5 60.Kg2 Kc4 61.Qc6+ Kd4 62.Qb6+ Kd3 63.Qb3+ Kd2
64.Qa2+ Kc3 65.Qa1+ Kc4 66.Qa4+ Kc5 67.Qa5+ Kd6 68.Qd8+ Ke6 69.Qc8+ Kf7 70.Qd7+ Kg6
71.Qd8 e3 72.Qd3+ f5 73.Qxe3 Qxe3 74.fxe3 g4 75.Kf2 Kf6 76.Ke2 Ke5 77.Kd3 Kd5
78.Kd2 Kc4 79.Kc2 Kb4 80.Kd3 Kc5 81.e4 Kd6 82.Kd4 Ke6 83.exf5+ Kxf5 84.Kd5 Kf6
85.Ke4 Kg5 86.Ke5 Kg6 87.Kf4 Kh5 88.Kf5 Kh6 89.Kxg4 Kg6 90.Kf4 Kf6 91.Kg4 Kg6
92.Kf4 Kf6 93.g4 Kg6 94.Kf3 Kg5 95.Kg3 Kg6 96.Kf4 Kf6 97.g5+ Kg6 98.Kg4 Kg7
99.Kh4 Kg6 100.Kg4 Kg7 101.Kf4 Kg6 102.Kg4  1/2-1/2

[Event "chess.com SpeedChess 2023"]
[Site "chess.com INT"]
[Date "2023.09.04"]
[Round "1.21"]
[White "Nakamura,Hi"]
[Black "Yu Yangyi"]
[Result "0-1"]
[WhiteElo "2780"]
[BlackElo "2720"]

1.g4 d5 2.Bg2 Nc6 3.c4 e6 4.h3 h5 5.gxh5 Nf6 6.h6 Rxh6 7.Nf3 Bd6 8.d3 Rg6
9.Kf1 Nh5 10.Nc3 Bb4 11.a3 Bxc3 12.bxc3 dxc4 13.d4 e5 14.e4 Qf6 15.Nxe5 Ng3+
16.Kg1 Nxh1 17.Nxg6 Nxf2 18.Qf3 Nxh3+ 19.Kh2 Qxf3 20.Bxf3 fxg6 21.Be3 Bd7
22.Bg2 O-O-O 23.Kg3 Re8 24.e5 Nxe5 25.dxe5 Rxe5 26.Bd2 Ng5 27.Bf4 Ne4+ 28.Bxe4 Rxe4
29.Rh1 b6 30.Rh7 Re7 31.Bg5 Rf7 32.Be3 Bc6 33.Bd4 Be4 34.Kg4 Bf5+ 35.Kg5 Kd7
36.Bxg7 Kc6 37.Kh6 Bd3 38.Rh8 Kb5 39.Bf8 Rf5 40.Kg7 Rh5 41.Rg8 c5 42.Be7 Re5
43.Kf6 Re2 44.Ra8 a5 45.Bd8 Re8 46.Rb8 Ka4 47.Kf7 Rh8 48.Kg7 Re8 49.Kf7 Rh8
50.Kg7 Rxd8 51.Rxd8 Kxa3 52.Rb8 Kb3 53.Rxb6+ Kxc3 54.Kf6 Kd2  0-1

[Event "chess.com SpeedChess 2023"]
[Site "chess.com INT"]
[Date "2023.09.04"]
[Round "1.3"]
[White "Nakamura,Hi"]
[Black "Yu Yangyi"]
[Result "0-1"]
[WhiteElo "2780"]
[BlackElo "2720"]

1.a4 d5 2.Nf3 Nf6 3.b4 e6 4.c3 Bd6 5.g3 e5 6.d3 O-O 7.Bg2 Re8 8.O-O h6 9.Nfd2 Bg4
10.h3 Bh5 11.b5 Nbd7 12.c4 c6 13.Nc3 Bb4 14.Bb2 Rc8 15.Rc1 Nc5 16.g4 Bg6
17.Ncb1 d4 18.Ba3 Bxa3 19.Nxa3 e4 20.dxe4 Nfxe4 21.Nab1 Qf6 22.Nxe4 Nxe4
23.Qb3 c5 24.e3 b6 25.Rce1 Rcd8 26.f4 Ng3 27.Rf3 Qh4 28.Kh2 Ne4 29.Rd1 Nf2
30.f5 Bh7 31.exd4 Nxd1 32.Qxd1 Rxd4 33.Rd3 Qf2 34.Qf3 Qxf3 35.Rxf3 Rxc4 36.Nc3 Kf8
37.a5 f6 38.Nd5 Rd4 39.Nc7 Bg8 40.Nxe8 Kxe8 41.Ra3 Rd2 42.axb6 Bd5 43.Rd3 Rxg2+
44.Kh1 Be4  0-1

[Event "chess.com SpeedChess 2023"]
[Site "chess.com INT"]
[Date "2023.09.04"]
[Round "1.2"]
[White "Yu Yangyi"]
[Black "Nakamura,Hi"]
[Result "1/2-1/2"]
[WhiteElo "2720"]
[BlackElo "2780"]

1.e4 e5 2.Nf3 Nc6 3.Nc3 Nf6 4.Bb5 Bb4 5.O-O O-O 6.d3 d6 7.Ne2 Ne7 8.c3 Ba5
9.Ng3 c6 10.Ba4 h6 11.d4 Ng6 12.h3 Re8 13.Bc2 Bc7 14.Re1 a5 15.Be3 b5 16.Qd2 a4
17.Rad1 Be6 18.Nf5 Bxf5 19.exf5 Nf8 20.Bxh6 gxh6 21.dxe5 dxe5 22.Qxh6 Qe7
23.g4 e4 24.g5 N8h7 25.gxf6 Qxf6 26.Qxf6 Nxf6 27.Ng5 Rad8 28.Rxd8 Rxd8 29.Kf1 Rd5
30.Bxe4 Rd2 31.Bxc6 Rxb2 32.Re2 a3 33.Ne4 Nxe4 34.Bxe4 Ba5 35.Bd5 Rxe2 36.Kxe2 Bxc3
37.Kd3 b4 38.Ke4 Kg7 39.Kf4 f6 40.f3 Kh6 41.Kg4 Bb2 42.Bc4 Bc3 43.Bb3 Bb2
44.Bc4 Be5 45.Bb3 Bc7 46.Bc4 Bb6 47.Bb3 Ba7 48.Bc4 Bb8 49.Bb3 Bc7 50.Bc4 Bd8
51.Bb3 Be7 52.Bc4 Bd6 53.Bb3 Be5 54.Bc4 Kg7 55.Bb3 Bd4 56.Bc4 Bb6 57.Bb3 Ba7
58.Bc4 Bc5 59.Bb3 Bg1 60.Bc4 Be3 61.Bb3 Bb6 62.Bc4 Bc7 63.Bb3 Bd8 64.Bc4 Be7
65.Bb3 Bf8 66.Bc4 Kh7 67.Bb3 Bh6 68.Bc4 Be3 69.Bb3 Bd2 70.Bc4 Bc1 71.Bb3 Kh8
72.Bc4 Kg7 73.Bb3 Bb2 74.Bc4 Ba1 75.Bb3 Bc3 76.Bc4 Kf8 77.Bb3 Bd4 78.Bc4 Bc5
79.Bb3 Be7 80.Bc4 Bd8 81.Bb3 Kg7 82.Bc4 b3 83.Bxb3 Be7 84.Bc4 Bd6 85.Bb3 Be5
86.Be6 Bd4 87.Kh5 Kh7 88.Kg4 Bc3 89.Kf4 Bb2 90.Kg4 Kh6 91.h4 Bc1 92.h5 Bd2
93.Bb3 Bc3 94.Bc4 Ba5 95.Bd5 Bb6 96.Bb3 Bc7 97.Bc2 Bd6 98.Bd3 Be7 99.Be4 Bf8
100.Bd5 Bg7 101.Bc4 Bf8 102.Bb3 Kh7 103.Bc4 Bc5 104.Bb3 Bf2 105.Bc4 Be1 106.Bb3 Bd2
107.Bc4 Bc1 108.Bb3 Kh8 109.Bc4 Kg7 110.Bb3 Bd2 111.Bc4 Ba5 112.Bb3 Bb4 113.Bc4 Bc5
114.Bb3 Bd6 115.Bc4 Bc7 116.Bb3 Bb8 117.Bc4 Be5 118.Bb5 Bd4 119.Kf4 Bc3 120.Ke4 Kh6
121.Be8 Bb2 122.Kd5 Kg5 123.Ke6 Kh6 124.Bg6 Kg7 125.Kd5 Ba1 126.Kc4 Be5 127.Kd5 Bc3
128.Kc5 Bd2 129.Kc4 Bf4 130.Kb3 Bc1 131.Kc2 Bf4 132.Kd3 Bd6 133.Kc3 Be7 134.Kc4 Bd6
135.Kd5 Bf4 136.Ke6 Be3 137.Ke7 Bh6 138.Kd6 Bg5 139.Kc5 Bd2 140.Kd5 Bc1 141.Ke4 Bb2
142.Kd3  1/2-1/2

[Event "chess.com SpeedChess 2023"]
[Site "chess.com INT"]
[Date "2023.09.04"]
[Round "1.20"]
[White "Yu Yangyi"]
[Black "Nakamura,Hi"]
[Result "1-0"]
[WhiteElo "2720"]
[BlackElo "2780"]

1.e4 a5 2.d4 c6 3.Nf3 g6 4.Be2 d5 5.e5 Bg4 6.Ng5 Bxe2 7.Qxe2 h6 8.Nf3 e6
9.c4 dxc4 10.Qxc4 Ne7 11.O-O Nd5 12.Nc3 a4 13.Ne4 Nd7 14.a3 Qb6 15.Bd2 Qb5
16.Qc2 Qb3 17.Qc1 g5 18.h3 Be7 19.Re1 N7b6 20.Bc3 Rg8 21.Nfd2 Qb5 22.Qd1 Nf4
23.Re3 Nbd5 24.Re1 h5 25.Kh2 g4 26.h4 Nd3 27.Rf1 O-O-O 28.g3 c5 29.Qc2 Kb8
30.Rad1 cxd4 31.Bxd4 Rc8 32.Qb1 Rgd8 33.Nf3 gxf3 34.Rxd3 Qxd3 35.Qxd3 Nc7
36.Rd1 Rd5 37.Nc3 Rd7 38.Ba7+ Kxa7  1-0